000 01336nam a2200409 i 4500
001 9254
003 KOSZ 005
005 20210505115034.0
008 070906s1971 pl f 000 0 pol
015 _aPB 1971/1938
035 _a(PL-WaBN)b19771113-48omnis_nlop
035 _ab19771113
035 _a(OCoLC)839149129
035 _a(PL)b0000019771113
040 _aWA N
_cWA N
_dKOSZ 005/RW
046 _k1971
080 _a796/799
080 _a613.7
100 1 _aWolańska, Teresa
_d(1927-2000)
_eAutor
245 1 0 _aRekreacja fizyczna /
_cTeresa Wolańska.
260 _aWarszawa :
_bCentralny Ośrodek Metodyki Upowszechniania Kultury,
_c1971.
300 _a156, [3] stron ;
_c23 cm.
336 _aTekst
_btxt
_2rdacontent
337 _aBez urządzenia pośredniczącego
_bn
_2rdamedia
338 _aWolumin
_bnc
_2rdacarrier
380 _aKsiążki
388 _a1901-2000
504 _aBibliografia na stronach 151-156.
658 _aKultura fizyczna i sport
650 7 _aMetody
650 7 _aOdpoczynek
_2DBN
650 7 _aKultura fizyczna
_2DBN
710 2 _aCentralny Ośrodek Metodyki Upowszechniania Kultury.
_4pbl.
856 _uhttp://koha.tu.koszalin.pl/cgi-bin/koha/opac-detail.pl?biblionumber=9254
_yKatalog online BPK
942 _2UKD
_cKS
999 _c9254
_d9254